000
00306nam a2200133Ia 4500
003
OSt
005
20220107122717.0
008
130620s9999 xx 000 0 und d
040
_c
IIITM-K
100
_a
Anjali R
_9
1080
245
_a
Automated audit control
650
_a
FILE AUDITING
_9
1081
942
_2
ddc
_c
PR
999
_c
3091
_d
3091